000 00618nam a22001817a 4500
003 UA-OsUOA
001 10234
007 ta
008 20041229b un ||||| |||| 00| 0 ukr d
100 _aБатигіна О.
942 _cSA
040 _aUA-OsUOA
_cUA-OsUOA
_dUA-OsUOA
245 _aРозвиток законодавства щодо оптової реалізації аграрної продукції : історико-правовий аналіз
300 _aС.48-51
955 _a0
773 0 _w0
_tПраво України
_dКиїв
_d2004
_gN12
650 7 _aГосподарське право
_2UDC
999 _c296395
_d296395